<?xml version="1.0" encoding="UTF-8"?><?xml-stylesheet type="text/xsl" href="static/style.xsl"?><OAI-PMH xmlns="http://www.openarchives.org/OAI/2.0/" xmlns:xsi="http://www.w3.org/2001/XMLSchema-instance" xsi:schemaLocation="http://www.openarchives.org/OAI/2.0/ http://www.openarchives.org/OAI/2.0/OAI-PMH.xsd"><responseDate>2026-06-03T05:38:02Z</responseDate><request verb="GetRecord" identifier="oai:riuma.uma.es:10630/17868" metadataPrefix="marc">https://riuma.uma.es/rest/oai/request</request><GetRecord><record><header><identifier>oai:riuma.uma.es:10630/17868</identifier><datestamp>2026-02-03T12:03:53Z</datestamp><setSpec>com_10630_2254</setSpec><setSpec>col_10630_37959</setSpec></header><metadata><record xmlns="http://www.loc.gov/MARC21/slim" xmlns:dcterms="http://purl.org/dc/terms/" xmlns:doc="http://www.lyncode.com/xoai" xmlns:xsi="http://www.w3.org/2001/XMLSchema-instance" xsi:schemaLocation="http://www.loc.gov/MARC21/slim http://www.loc.gov/standards/marcxml/schema/MARC21slim.xsd">
   <leader>00925njm 22002777a 4500</leader>
   <datafield ind2=" " ind1=" " tag="042">
      <subfield code="a">dc</subfield>
   </datafield>
   <datafield ind2=" " ind1=" " tag="720">
      <subfield code="a">Avilés-Hernández, Elena</subfield>
      <subfield code="e">author</subfield>
   </datafield>
   <datafield ind2=" " ind1=" " tag="260">
      <subfield code="c">2019-06-21</subfield>
   </datafield>
   <datafield ind2=" " ind1=" " tag="520">
      <subfield code="a">The populist rhetoric that is taking place since not many years ago in some countries around&#xd;
the world, has only accentuate the social divisions and self-segregation of certain minority&#xd;
groups that have seen their rights violated as a consequence of a new concept of security.&#xd;
This debate, as a undeniable sign of the rising concern for both national and international&#xd;
security, does not justify the restriction of their fundamental rights.&#xd;
The groups that are being victims of this situation, in the case of European countries, are&#xd;
mainly foreigners and minorities, which are perceive as a threat to social cohesion and social&#xd;
order, a perception which has been radicalised through out the content of the media and social&#xd;
networks.&#xd;
This situation is part of a backdrop of growing tensions, religious extremism and violent&#xd;
radicalism which, in many cases, is used by the government's own elite to support legislative&#xd;
changes or to justify arbitrary interventions; thus allowing the restriction of fundamental&#xd;
rights in a legitimate way and dehumanizing certain categories of persons believed to be less&#xd;
equal, in order to promote some actions based on hatred and violence.&#xd;
However, this situation is not only happening in Europe, but there are also some other&#xd;
countries that have suffering similar situations. The Philippines example could be used to&#xd;
illustrate the above: During President Rodrigo Duterte's campaign against drugs, the own&#xd;
government was the main character who promoted hatred and violence since it was urging the&#xd;
police and citizens to kill drug dealers and drug users as a way to preserve the national&#xd;
security.</subfield>
   </datafield>
   <datafield ind1="8" ind2=" " tag="024">
      <subfield code="a">https://hdl.handle.net/10630/17868</subfield>
   </datafield>
   <datafield tag="653" ind2=" " ind1=" ">
      <subfield code="a">Populismo</subfield>
   </datafield>
   <datafield tag="653" ind2=" " ind1=" ">
      <subfield code="a">Migración</subfield>
   </datafield>
   <datafield tag="653" ind2=" " ind1=" ">
      <subfield code="a">Derechos humanos</subfield>
   </datafield>
   <datafield tag="653" ind2=" " ind1=" ">
      <subfield code="a">Congresos y conferencias</subfield>
   </datafield>
   <datafield ind2="0" ind1="0" tag="245">
      <subfield code="a">The populist rhetoric as a threat to human rights in Europe: stance of the supranational institutions</subfield>
   </datafield>
</record>
</metadata></record></GetRecord></OAI-PMH>